000
00260nam a22001097a 4500
082
_a
667.9 SNE'P
100
_a
SNELLING, JOHN
_9
79190
245
_a
THE PAINTER AND DECORATORS BOOK OF FACTS
260
_a
LONDON
_b
TECHNICAL
_c
1972
300
_a
143P
942
_c
BK
999
_c
584249
_d
584249